Trénovanie neurónových sietí s využitím zmiešanej presnosti čísel
Gespeichert in:
| 1. Verfasser: | |
|---|---|
| Weitere Verfasser: | |
| Format: | Manuskript Buch |
| Sprache: | Slowakisch |
| Veröffentlicht: |
2020
|
| Schlagworte: | |
| Online-Zugang: | http://is.stuba.sk/zp/portal_zp.pl?podrobnosti=142121 |
| Tags: |
Keine Tags, Fügen Sie das erste Tag hinzu!
|
MARC
| LEADER | 00000ntm a22000003a 4500 | ||
|---|---|---|---|
| 001 | stuzp80609 | ||
| 003 | SK-STU | ||
| 005 | 20200620211949.5 | ||
| 007 | ta | ||
| 008 | 150427s2015----xo-----f-mn---000-0-slo-d | ||
| 040 | |a STU |b slo | ||
| 041 | 0 | |a slo | |
| 100 | 1 | |a Petrovič, Marek |u 070200 |4 aut |U FIIT Fakulta informatiky a informačných technológií |T FIIT Ústav informatiky, informačných systémov a softvérového inžinierstva |X 92126 |U I200 |Y 179 |7 92126 | |
| 242 | 0 | 1 | |a Training of neural networks using mixed precision numbers |y eng |
| 245 | 1 | 0 | |a Trénovanie neurónových sietí s využitím zmiešanej presnosti čísel |
| 260 | |c 2020 | ||
| 650 | 4 | |a kvantizácia |2 slo | |
| 650 | 4 | |a neurónové siete |2 slo | |
| 650 | 4 | |a zmiešaná presnosť |2 slo | |
| 650 | 4 | |a neural networks |2 eng | |
| 650 | 4 | |a mixed precision |2 eng | |
| 650 | 4 | |a quantization |2 eng | |
| 700 | 1 | |a Maťašovský, Slavomír |4 ths |X 108717 |7 108717 | |
| 856 | 4 | |u http://is.stuba.sk/zp/portal_zp.pl?podrobnosti=142121 | |